MARC details
| 000 -LEADER |
| fixed length control field |
02380cam a2200625 a 4500 |
| 001 - CONTROL NUMBER |
| control field |
20212 |
| 003 - CONTROL NUMBER IDENTIFIER |
| control field |
VRT |
| 005 - DATE AND TIME OF LATEST TRANSACTION |
| control field |
20260119145929.0 |
| 008 - FIXED-LENGTH DATA ELEMENTS--GENERAL INFORMATION |
| fixed length control field |
240226s1981 xo a br 000 j slo |
| 015 ## - NATIONAL BIBLIOGRAPHY NUMBER |
| National bibliography number |
SNBA1982/03 |
| 020 ## - INTERNATIONAL STANDARD BOOK NUMBER |
| Qualifying information |
(viazané) |
| 035 ## - SYSTEM CONTROL NUMBER |
| System control number |
SNK000040285 |
| 035 ## - SYSTEM CONTROL NUMBER |
| System control number |
FB96BA03-3FB0-4F78-BF48-B86AD8B74E53 |
| 035 ## - SYSTEM CONTROL NUMBER |
| System control number |
urn:nbn:sk:snk-am00ievf |
| 039 #9 - LEVEL OF BIBLIOGRAPHIC CONTROL AND CODING DETAIL [OBSOLETE] |
| Level of rules in bibliographic description |
202412161502 |
| Level of effort used to assign nonsubject heading access points |
msnk115 |
| Level of effort used to assign subject headings |
202402261549 |
| Level of effort used to assign classification |
VLOAD |
| Level of effort used to assign subject headings |
202305011814 |
| Level of effort used to assign classification |
VLOAD |
| Level of effort used to assign subject headings |
202304281414 |
| Level of effort used to assign classification |
VLOAD |
| 040 ## - CATALOGING SOURCE |
| Original cataloging agency |
SNK |
| Language of cataloging |
slo |
| Transcribing agency |
SNK |
| Description conventions |
AACR2 |
| 041 0# - LANGUAGE CODE |
| Language code of text/sound track or separate title |
slo |
| 044 ## - COUNTRY OF PUBLISHING/PRODUCING ENTITY CODE |
| MARC country code |
xo |
| ISO country code |
SK |
| MARC country code |
xr |
| ISO country code |
CZ |
| 072 #7 - SUBJECT CATEGORY CODE |
| Subject category code |
821.162.4-3 |
| Subject category code subdivision |
Slovenská próza |
| Source |
konspekt |
| 072 #7 - SUBJECT CATEGORY CODE |
| Subject category code |
821-93 |
| Subject category code subdivision |
Literatúra pre deti a mládež (beletria) |
| Source |
konspekt |
| 080 ## - UNIVERSAL DECIMAL CLASSIFICATION NUMBER |
| Universal Decimal Classification number |
885.4-3(087.5) |
| Edition identifier |
1997 |
| 080 ## - UNIVERSAL DECIMAL CLASSIFICATION NUMBER |
| Universal Decimal Classification number |
821.162.4-34 |
| Edition identifier |
2011 |
| 080 ## - UNIVERSAL DECIMAL CLASSIFICATION NUMBER |
| Universal Decimal Classification number |
82-34:808.1 |
| Edition identifier |
2011 |
| 080 ## - UNIVERSAL DECIMAL CLASSIFICATION NUMBER |
| Universal Decimal Classification number |
82-93-053.4/.5 |
| Edition identifier |
2011 |
| 100 1# - MAIN ENTRY--PERSONAL NAME |
| Personal name |
Ondrejov, Ľudo, |
| Dates associated with a name |
1901-1962 |
| Relationship |
aut |
| 245 10 - TITLE STATEMENT |
| Title |
Rozprávky z hôr |
| Statement of responsibility, etc. |
Ľudo Ondrejov ; [text pripravila Elena Šmatláková ; doslov napísal Ján Poliak ; ilustroval Ľubomír Kellenberger] |
| 250 ## - EDITION STATEMENT |
| Edition statement |
5. vyd. |
| 260 ## - PUBLICATION, DISTRIBUTION, ETC. |
| Place of publication, distribution, etc. |
Bratislava |
| Name of publisher, distributor, etc. |
Mladé letá |
| Date of publication, distribution, etc. |
1981 |
| Place of manufacture |
Brno |
| Manufacturer |
Tisk |
| 300 ## - PHYSICAL DESCRIPTION |
| Extent |
91 strán |
| Other physical details |
farebné ilustrácie |
| Dimensions |
24 cm |
| 366 ## - TRADE AVAILABILITY INFORMATION |
| Note |
25000 výtl. |
| 490 1# - SERIES STATEMENT |
| Series statement |
Vybrané spisy Ľuda Ondrejova |
| 500 ## - GENERAL NOTE |
| General note |
Ilustrácia na frontispice a predsádkach |
| 500 ## - GENERAL NOTE |
| General note |
Edičná poznámka. Vysvetlivky |
| 521 1# - TARGET AUDIENCE NOTE |
| Target audience note |
Pre čitateľov od 6 rokov |
| 655 #7 - INDEX TERM--GENRE/FORM |
| Genre/form data or focus term |
slovenské rozprávky |
| Source of term |
SNKPH |
| 655 #7 - INDEX TERM--GENRE/FORM |
| Genre/form data or focus term |
autorské rozprávky |
| Source of term |
SNKPH |
| 655 #7 - INDEX TERM--GENRE/FORM |
| Genre/form data or focus term |
literatúra pre deti |
| Source of term |
SNKPH |
| 700 1# - ADDED ENTRY--PERSONAL NAME |
| Personal name |
Poliak, Ján, |
| Dates associated with a name |
1929-1977 |
| Relationship |
aft |
| 700 1# - ADDED ENTRY--PERSONAL NAME |
| Personal name |
Kellenberger, Ľubomír, |
| Dates associated with a name |
1921-1971 |
| Relationship |
ill |
| 700 1# - ADDED ENTRY--PERSONAL NAME |
| Personal name |
Šmatláková, Elena, |
| Dates associated with a name |
1926-1987 |
| Relationship |
edt |
| 800 1# - SERIES ADDED ENTRY--PERSONAL NAME |
| Personal name |
Ondrejov, Ľudo, |
| Dates associated with a name |
1901-1962 |
| Title of a work |
Vybrané spisy |
| 910 ## - USER-OPTION DATA (OCLC) |
| User-option data |
snk |
| 942 ## - ADDED ENTRY ELEMENTS (KOHA) |
| Source of classification or shelving scheme |
Dewey Decimal Classification |
| Koha item type |
Krásna literatúra pre deti |
| Suppress in OPAC |
No |
| 949 ## - LOCAL PROCESSING INFORMATION (OCLC) |
| 6 |
3869A09984 |
| a |
bpksh885.4-3 |
| b |
bpksh30301 |
| 949 ## - LOCAL PROCESSING INFORMATION (OCLC) |
| 6 |
3869A02730 |
| a |
bpksh885.4-3 |
| b |
bpksh30435 |
| 949 ## - LOCAL PROCESSING INFORMATION (OCLC) |
| 6 |
270001000180387 |
| a |
svkbbB 9748 |
| p |
403.092 |
| 949 ## - LOCAL PROCESSING INFORMATION (OCLC) |
| 6 |
3869A02729 |
| a |
bpksh885.4-3 |
| b |
bpksh30434 |
| 949 ## - LOCAL PROCESSING INFORMATION (OCLC) |
| 6 |
3870A04471 |
| a |
binIL 0144 |
| b |
bin4471 |
| 949 ## - LOCAL PROCESSING INFORMATION (OCLC) |
| 6 |
17A0019013 |
| a |
snkSC 54424 D1 |
| b |
snkKSP 1239/82 |
| 949 ## - LOCAL PROCESSING INFORMATION (OCLC) |
| 6 |
273K0155792 |
| a |
svkpoB 48568 |
| b |
svkpo287851 |
| 949 ## - LOCAL PROCESSING INFORMATION (OCLC) |
| 6 |
17A0855619 |
| a |
snkSC 54424 |
| b |
snkKSP 1238/82 |
| s |
6100:20220617 |
| 949 ## - LOCAL PROCESSING INFORMATION (OCLC) |
| 6 |
3869A14609 |
| a |
bpksh885.4-3 |
| b |
bpksh72526 |
| 949 ## - LOCAL PROCESSING INFORMATION (OCLC) |
| 6 |
3869A14630 |
| a |
bpksh885.4-3 |
| b |
bpksh72547 |